Chuyển đến nội dung

Экономика туризма учебное пособие для вузов

Учебное пособие содержит основной лекционный материал по дисциплине «Экономика и маркетинг туристской индустрии» («Экономика туризма») программы магистратуры по направлению подготовки «Туризм». Темы курса рассматриваются в соответствии с тематическим планом....

Mô tả đầy đủ

Đã lưu trong:
Chi tiết về thư mục
Tác giả chính: Андросова Г. А.
Tác giả khác: Енченко И. В.
Định dạng: Книга
Ngôn ngữ:Russian
Được phát hành: Санкт-Петербург Лань 2022
Những chủ đề:
Truy cập trực tuyến:https://e.lanbook.com/book/266708
https://e.lanbook.com/img/cover/book/266708.jpg
Các nhãn: Thêm thẻ
Không có thẻ, Là người đầu tiên thẻ bản ghi này!
LEADER 02159nam0a2200397 i 4500
001 266708
003 RuSpLAN
005 20221220174207.0
008 221220s2022 ru gs 000 0 rus
020 |a 978-5-507-44808-1 
040 |a RuSpLAN 
041 0 |a rus 
044 |a ru 
080 |a 338.48 
084 |a 65.433я73  |2 rubbk 
245 0 0 |a Экономика туризма  |b учебное пособие для вузов  |c Андросова Г. А.,Енченко И. В. 
260 |a Санкт-Петербург  |b Лань  |c 2022 
300 |a 84 с. 
504 |a Библиогр.: доступна в карточке книги, на сайте ЭБС Лань 
520 8 |a Учебное пособие содержит основной лекционный материал по дисциплине «Экономика и маркетинг туристской индустрии» («Экономика туризма») программы магистратуры по направлению подготовки «Туризм». Темы курса рассматриваются в соответствии с тематическим планом.  
521 8 |a Книга из коллекции Лань - Сервис и туризм 
653 0 |a экономика туризма 
653 0 |a маркетинг в туризме 
653 0 |a экономика туристской индустрии 
653 0 |a маркетинг в туристкой индустрии 
653 0 |a макроэкономика туризма 
653 0 |a мезоэкономика туризма 
653 0 |a микроэкономика туризма 
653 0 |a предпринимательство в туризме 
653 0 |a предпринимательская деятельность в туризме 
653 0 |a предприятия туризма 
100 1 |a Андросова Г. А. 
700 1 |a Енченко И. В. 
856 4 |u https://e.lanbook.com/book/266708 
856 4 8 |u https://e.lanbook.com/img/cover/book/266708.jpg 
953 |a https://e.lanbook.com/img/cover/book/266708.jpg 
Cannot write session to /tmp/vufind_sessions/sess_iog62ur58rsflbqgkes99ub5kc